000
00208 a2200097 4500
001
6995
100
_a
Peters, J.M
245
_a
Elements of electronic circuits
260
_a
_b
Iliffe
_c
090
_c
5778
_d
5778
942
_a
NUST-CAE
_c
M
_c
32242
999
_c
242068
_d
242068